[Event "Podzimni turnaj TJ Praga 2015 1A"]
[Site "Praha"]
[Date "2015.11.03"]
[Round "7.11"]
[White "Krumphanzl, Vlastimil"]
[Black "Pavlicek, Petr"]
[Result "1/2-1/2"]
[WhiteElo "1797"]
[BlackElo "1929"]
[Annotator ""]
[Source ""]
[Remark ""]

1.Nf3 Nf6 2.d3 d5 3.Nbd2 g6 4.e4 Bg7 5.e5 Ng4 6.d4 c5 7.c3 Qb6
8.Bd3 cxd4 9.cxd4 Nc6 10.h3 Nh6 11.Nb3 O-O 12.O-O Nb4 13.Bb1
Bf5 14.Bxf5 Nxf5 15.g4 Nh6 16.Nc5 Rfd8 17.Bd2 f6 18.Qb3 Nc6 19.Qxb6
axb6 20.Ne6 Rdc8 21.Nxg7 1/2-1/2

[Event "Podzimni turnaj TJ Praga 2015 1A"]
[Site "Praha"]
[Date "2015.11.03"]
[Round "7.13"]
[White "Sramek, Jiri"]
[Black "Pokorny, Jan"]
[Result "1-0"]
[WhiteElo "1980"]
[BlackElo "1865"]
[Annotator ""]
[Source ""]
[Remark ""]

1.d4 Nf6 2.c4 g6 3.Nc3 Bg7 4.Nf3 d6 5.e4 O-O 6.Be2 Nbd7 7.O-O
e5 8.d5 Nc5 9.Qc2 b6 10.b4 Nb7 11.Bg5 Bd7 12.Qd2 Qc8 13.Bh6 Nh5
14.Bxg7 Kxg7 15.g3 Bg4 16.Nh4 Bxe2 17.Qxe2 Qh3 18.Ng2 g5 19.Qe3
h6 20.f3 a5 21.a3 Qd7 22.Ne2 Kh7 23.b5 Rg8 24.Kh1 Raf8 25.g4
Nf4 26.Ngxf4 exf4 27.Qc3 f6 28.Nc1 Qe7 29.Ne2 Nc5 30.Nd4 Qe5
31.Qd2 Rg6 32.Rae1 Rgg8 33.Nc6 Qe8 34.Qd4 Rg7 35.Re2 Nd7 36.Qc3
Rff7 37.Qc2 Ne5 38.Nd4 Rg6 39.Nf5 Kg8 40.h4 gxh4 41.Rh2 Rh7 42.Rxh4
Nf7 43.Nd4 Ng5 44.Qc1 Nf7 45.Ne6 Ng5 46.Nxf4 Nxe4 47.Qe1 Re7
48.Nxg6 Qxg6 49.fxe4 Rxe4 50.Qc3 Re2 1-0

[Event "Podzimni turnaj TJ Praga 2015 1A"]
[Site "Praha"]
[Date "2015.11.10"]
[Round "8.1"]
[White "Kolar, Dan"]
[Black "Pesr, Jaromir"]
[Result "0-1"]
[WhiteElo "1866"]
[BlackElo "2004"]
[Annotator "Ryvova, Anna"]
[Source ""]
[Remark ""]

1.e4 e5 2.Nc3 Nf6 3.Bc4 Bc5 4.d3 d6 5.f4 Bg4 6.Nf3 Nc6 7.h3 Bxf3
8.Qxf3 Nd4 9.Qg3 Nh5 10.Qg4 g6 11.f5 {?} ( 11.Bb3 {=} ) Nxc2+
12.Kd1 Ne3+ 13.Bxe3 Bxe3 14.fxg6 hxg6 15.Rf1 Bf4 16.Ne2 d5 17.exd5
Qd6 18.g3 Bh6 19.Bb5+ Ke7 20.Nc3 f5 21.Qh4+ Nf6 22.g4 Bf4 23.Qe1
Nxd5 24.Nxd5+ Qxd5 25.Bc4 Qd4 26.Qb4+ Kf6 27.gxf5 Rxh3 28.Qa3
Rd8 29.Kc2 Rh2+ 30.Kb3 Rd6 31.Rab1 Rb6+ 32.Ka4 Ra6+ 33.Kb3 Rxa3+
34.bxa3 gxf5 35.a4 Bd2 36.a5 Qc3+ 37.Ka4 Qxa5+ 38.Kb3 Qb4+ 39.Kc2
Be1+ 0-1

[Event "Podzimni turnaj TJ Praga 2015 1A"]
[Site "Praha"]
[Date "2015.11.10"]
[Round "8.2"]
[White "Adamek, Milan"]
[Black "Ptak, Pavel"]
[Result "1/2-1/2"]
[WhiteElo "1874"]
[BlackElo "2115"]
[Annotator ""]
[Source ""]
[Remark ""]

1.e4 g6 2.d4 Bg7 3.Nf3 c6 4.a4 d5 5.Nc3 Bg4 6.e5 f6 7.exf6 Nxf6
8.Be2 Nbd7 9.Be3 Bxf3 10.Bxf3 e5 11.Qd2 O-O 12.O-O Qc7 13.Rad1
Rae8 14.b3 Rf7 15.h3 a6 16.a5 Kh8 17.Na4 exd4 18.Bxd4 Ne5 19.Bxe5
Rxe5 20.Rfe1 Nd7 21.Bg4 Rxe1+ 22.Rxe1 Ne5 23.Nc5 h5 24.Ne6 Qd6
25.Nxg7 Rxg7 26.Be2 Kh7 27.Bd3 Nxd3 28.Qxd3 Re7 29.Rxe7+ Qxe7
30.Qd2 Qe4 31.Kf1 c5 1/2-1/2

[Event "Podzimni turnaj TJ Praga 2015 1A"]
[Site "Praha"]
[Date "2015.11.10"]
[Round "8.3"]
[White "Horak, Karel"]
[Black "Frouz, Petr"]
[Result "0-1"]
[WhiteElo "1844"]
[BlackElo "1845"]
[Annotator ""]
[Source ""]
[Remark ""]

1.e4 e6 2.d3 d5 3.Nd2 Nd7 4.Ngf3 Bd6 5.g3 Ngf6 6.Bg2 O-O 7.O-O
Re8 8.Re1 e5 9.exd5 Nxd5 10.Nxe5 Nxe5 11.Bxd5 Bg4 12.Bxf7+ Kxf7
13.f3 Nxf3+ 14.Nxf3 Rxe1+ 15.Qxe1 Bxf3 16.Qf2 Qf6 17.Bg5 Qxg5
18.Qxf3+ Kg8 19.Re1 Rf8 20.Qe4 Qf6 21.Qe6+ Qxe6 22.Rxe6 Bc5+ 0-1

[Event "Podzimni turnaj TJ Praga 2015 1A"]
[Site "Praha"]
[Date "2015.11.10"]
[Round "8.4"]
[White "Ryvova, Anna"]
[Black "Lavrincik, Pavel"]
[Result "0-1"]
[WhiteElo "1922"]
[BlackElo "1827"]
[Annotator "Ryvova, Anna"]
[Source ""]
[Remark ""]

1.e4 d6 2.d4 Nf6 3.Nc3 g6 4.f4 Bg7 5.Nf3 c5 6.Bb5+ Bd7 7.e5 Ng4
8.e6 Bxb5 9.exf7+ Kd7 10.Nxb5 Qa5+ 11.Nc3 cxd4 12.Nxd4 Bxd4 13.Qxd4
Nc6 14.Qc4 Qb6 15.Qe2 h5 16.h3 Nh6 17.Bd2 Raf8 18.O-O-O Rxf7
19.Rhe1 Rg8 20.Qe6+ Kd8 21.Nd5 Qb5 22.Bc3 ( 22.f5 Nd4 23.Ba5+
$18 ) Qc4 23.Kb1 Rf5 24.Re4 Rxd5 25.Rxd5 Qf1+ 26.Re1 Qxg2 27.Bf6
{!} exf6 28.Rxd6+ Kc7 29.Rd7+ Kb6 ( 29...Kb8 30.Qe8+ Rxe8 31.Rxe8+
Nd8 32.Rexd8# ) 30.Qb3+ Kc5 31.Red1 Nb4 32.Qc3+ Kb5 33.Rxb7+
{??} {Cernou damu na g2 jsem nevidela, mela jsem ji schovanou za pravym ramenem}
( 33.a4+ Kxa4 ( 33...Ka5 34.Qc5+ Kxa4 35.b3+ Ka3 36.Qa5# ) 34.Qa3+
Kb5 35.c4+ Kxc4 36.R7d4+ Kb5 37.Rxb4+ Kc6 38.Qc3# ) Qxb7 34.a4+
Kxa4 35.Qb3+ {?} ( 35.b3+ Kb5 36.Qc4+ Ka5 37.Qc5+ Qb5
( 37...Ka6 38.Rd6+ $18 ) 38.Qxa7+ Qa6 39.Qc5+ {=} ) Ka5 36.c3
Qe4+ 37.Ka1 Nc2+ 38.Ka2 Qa4+ 39.Qxa4+ Kxa4 40.Rd5 {'with the idea' b3}
Nb4+ 41.cxb4 Kxb4 42.Rd7 a5 43.Rb7+ Kc5 44.Kb3 Nf5 45.Ka4 Nd6
46.Ra7 Nc4 47.Rc7+ Kd5 48.b3 Nd6 49.Kxa5 Rb8 50.Rc3 Ke4 51.Rc6
Rb5+ 52.Ka4 Rd5 53.b4 Kxf4 54.b5 Nxb5 55.Rxf6+ Kg5 56.Rf3 Nc7
57.Rg3+ Kh6 58.Kb4 Ne6 59.Kc4 Rd4+ 60.Kc3 Rh4 61.Kd2 Ng5 62.Ke2
Rxh3 63.Rg2 Ra3 64.Rg1 h4 65.Rh1 Kh5 66.Kf2 Ra2+ 67.Ke3 h3 68.Kf4
Kh4 69.Rb1 Ra4+ 70.Ke5 Nf3+ 71.Kf6 g5 72.Rh1 Kg3 73.Kf5 h2 74.Rb1
Rh4 75.Rh1 Ng1 76.Kxg5 Ra4 0-1

[Event "Podzimni turnaj TJ Praga 2015 1A"]
[Site "Praha"]
[Date "2015.11.12"]
[Round "8.5"]
[White "Brcak, Marek"]
[Black "Holub, Jan"]
[Result "1-0"]
[WhiteElo "1844"]
[BlackElo "1845"]
[Annotator ""]
[Source ""]
[Remark ""]

1.e4 c5 2.Nf3 Nc6 3.d4 cxd4 4.Nxd4 g6 5.Be3 Bg7 6.Be2 Nf6 7.Nc3
O-O 8.O-O d5 9.exd5 Nxd5 10.Nxd5 Qxd5 11.Bf3 Qa5 12.Nxc6 bxc6
13.Qc1 Rb8 14.c3 c5 15.Rd1 Be6 16.Bd5 Bf5 17.a3 e6 18.b4 Qc7
19.Bf3 c4 20.Bc5 Rfd8 21.Qe3 Rd3 22.Rxd3 Bxd3 23.Bxa7 Re8 24.Rc1
e5 25.Bb6 Qd7 26.Bd1 f5 27.a4 f4 28.Qe1 e4 29.a5 e3 30.fxe3 fxe3
31.Bxe3 Bh6 32.Ra1 Rxe3 33.Qh4 Qa7 34.Kh1 Bg5 35.Qf2 Qe7 36.Bf3
Bh4 37.Qg1 Bf6 38.a6 Bxc3 39.Qxe3 Qxe3 40.a7 Bxa1 41.a8Q+ Kf7
42.Bd5+ Ke7 43.Qxa1 Kd6 44.Bf3 Qe5 45.Qa6+ Ke7 46.Qb7+ Kf6 47.Qb6+
Kg5 48.Qd8+ Kh6 49.Qf8+ Qg7 50.Qf4+ g5 51.Qd6+ Qg6 52.Qf8+ Qg7
53.Qd6+ Bg6 54.h4 Qf7 55.h5 Qe8 56.Kh2 Qe1 57.Qf8# 1-0

[Event "Podzimni turnaj TJ Praga 2015 1A"]
[Site "Praha"]
[Date "2015.11.10"]
[Round "8.6"]
[White "Stepanek, Svatopluk"]
[Black "Radics, Robert"]
[Result "1-0"]
[WhiteElo "1869"]
[BlackElo "1752"]
[Annotator ""]
[Source ""]
[Remark ""]

1.e4 c6 2.d4 d5 3.Bd3 dxe4 4.Bxe4 Nf6 5.Bf3 Bf5 6.Ne2 e6 7.Ng3
Bg6 8.O-O Qc7 9.Nc3 Be7 10.Be3 O-O 11.Nce4 Nbd7 12.Rc1 Rad8 13.Qe2
e5 14.c3 Rfe8 15.Rfd1 Nxe4 16.Nxe4 exd4 17.cxd4 Nb6 18.Nc3 Bg5
19.b3 Bxe3 20.fxe3 Qe7 21.e4 Qf6 22.Qf2 h6 23.d5 cxd5 24.exd5
Nc8 25.Qc5 a6 26.Na4 b5 27.Nc3 Qd6 28.Ne2 Ne7 29.Ng3 Nf5 30.Qxd6
Rxd6 31.Ne4 Rb6 32.d6 Rd8 33.d7 Ne7 34.Nc5 Bf5 35.Nb7 Rxd7 36.Rxd7
Bxd7 37.Rc7 1-0

[Event "Podzimni turnaj TJ Praga 2015 1A"]
[Site "Praha"]
[Date "2015.11.13"]
[Round "8.7"]
[White "Machala, Vladislav"]
[Black "Paulovic, Milan"]
[Result "1/2-1/2"]
[WhiteElo "2054"]
[BlackElo "1855"]
[Annotator ""]
[Source ""]
[Remark ""]

1.e4 c5 2.c3 d5 3.exd5 Qxd5 4.d4 Nf6 5.Nf3 Nc6 6.Be2 Bf5 7.O-O
e6 8.Bf4 Be7 9.dxc5 Qxd1 10.Rxd1 Bxc5 11.Nbd2 O-O 1/2-1/2

[Event "Podzimni turnaj TJ Praga 2015 1A"]
[Site "Praha"]
[Date "2015.11.10"]
[Round "8.8"]
[White "Davidek, Bohuslav"]
[Black "Zimak, Karel"]
[Result "1/2-1/2"]
[WhiteElo "1771"]
[BlackElo "1831"]
[Annotator ""]
[Source ""]
[Remark ""]

1.e4 e6 2.d4 d5 3.Nc3 Nf6 4.Bg5 Be7 5.Bxf6 Bxf6 6.e5 Be7 7.Nf3
c5 8.Be2 O-O 9.O-O Nc6 10.Bb5 cxd4 11.Ne2 f6 12.Bxc6 bxc6 13.Nexd4
Qc7 14.Re1 c5 15.exf6 Rxf6 16.Nb3 Bd6 17.Nbd2 Bd7 18.Nf1 Raf8
19.b3 Bc6 20.Ng3 d4 21.Ne4 Rg6 22.g3 Be7 23.Qd3 Qf4 24.Kf1 Rb8
25.a4 Rf8 26.Re2 Rf5 27.Rae1 Bd8 28.Qa6 Qc7 29.Ned2 Bd5 30.Re5
Rgf6 31.Qb5 Qa5 32.Qxa5 Bxa5 33.Rxf5 Rxf5 34.Re2 Kf7 35.Ne4 Bxe4
36.Rxe4 Ke7 37.Ne5 Kd6 38.Nc4+ Kd5 39.f3 Bc7 1/2-1/2

[Event "Podzimni turnaj TJ Praga 2015 1A"]
[Site "Praha"]
[Date "2015.11.10"]
[Round "8.9"]
[White "Vitek, Jan"]
[Black "Ulicny, Daniel"]
[Result "1/2-1/2"]
[WhiteElo "1761"]
[BlackElo "1772"]
[Annotator ""]
[Source ""]
[Remark ""]

1.e4 e5 2.Nf3 Nf6 3.Bc4 Nc6 4.d4 Nxe4 5.dxe5 Be7 6.Qd5 O-O 7.Qxe4
d6 8.O-O dxe5 9.Nxe5 Nxe5 10.Qxe5 Bd6 11.Qh5 g6 12.Qh6 Re8 13.Bxf7+
Kxf7 14.Qxh7+ Kf6 15.h4 Qd7 16.Bg5+ Kf5 17.Qxd7+ Bxd7 18.Nd2
Re2 19.Nc4 Bc5 20.Ne3+ Bxe3 21.fxe3+ Kg4 22.Rf4+ Kg3 23.Rf3+
Kg4 24.Rf2 Rxf2 25.Kxf2 Rf8+ 26.Bf4 Bf5 27.g3 Rd8 28.Ke1 Bxc2
29.Rc1 Be4 30.Rxc7 Bf3 31.Rc1 Rd5 32.a3 a6 33.b4 Rd3 34.Ra1 1/2-1/2

[Event "Podzimni turnaj TJ Praga 2015 1A"]
[Site "Praha"]
[Date "2015.11.10"]
[Round "8.10"]
[White "Hajek, Jiri"]
[Black "Pribyl, Jaroslav"]
[Result "0-1"]
[WhiteElo "1853"]
[BlackElo "1975"]
[Annotator ""]
[Source ""]
[Remark ""]

1.e4 c6 2.d4 d5 3.exd5 cxd5 4.Bd3 Nc6 5.c3 Qc7 6.h3 Nf6 7.Bg5
Ne4 8.Bxe4 dxe4 9.Nd2 Bf5 10.Ne2 f6 11.Bf4 e5 12.dxe5 Nxe5 13.Qa4+
Kf7 14.Nxe4 Nd3+ 15.Kf1 Nxf4 0-1

[Event "Podzimni turnaj TJ Praga 2015 1A"]
[Site "Praha"]
[Date "2015.11.10"]
[Round "8.11"]
[White "Sramek, Jiri"]
[Black "Hala, Martin"]
[Result "0-1"]
[WhiteElo "1980"]
[BlackElo "1918"]
[Annotator ""]
[Source ""]
[Remark ""]

1.d4 d5 2.c4 Bf5 3.Nc3 Nf6 4.Nf3 h6 5.Qb3 dxc4 6.Qxb7 Nbd7 7.Qc6
e6 8.e4 Bh7 9.Bxc4 Bb4 10.Bd3 O-O 11.O-O Bxc3 12.bxc3 Nd5 13.Ba3
Re8 14.Rfe1 Ne7 15.Qa4 Nb6 16.Qc2 c6 17.Ne5 Rc8 18.Rab1 Ng6 19.Nf3
Nf4 20.Ba6 Rb8 21.Qd2 e5 22.g3 Qd7 23.dxe5 Nh3+ 24.Kg2 Qg4 25.Qe3
Nd5 26.Qd2 Nhf4+ 27.Kg1 Nh3+ 28.Kg2 Ndf4+ 29.Kf1 Qxf3 30.Qxf4
Nxf4 0-1

[Event "Podzimni turnaj TJ Praga 2015 1A"]
[Site "Praha"]
[Date "2015.11.10"]
[Round "8.12"]
[White "Pavlicek, Petr"]
[Black "Toupal, Josef"]
[Result "1-0"]
[WhiteElo "1929"]
[BlackElo "1817"]
[Annotator ""]
[Source ""]
[Remark ""]

1.Nf3 d5 2.d4 Nf6 3.c4 e6 4.g3 b6 5.Bg2 Bb7 6.Ne5 Bb4+ 7.Bd2
Bxd2+ 8.Nxd2 O-O 9.O-O Qd6 10.Rc1 Nbd7 11.f4 Ne4 12.c5 bxc5 13.Nxe4
dxe4 14.Nxd7 Qxd7 15.Rxc5 Bd5 16.e3 f5 17.Qc2 c6 18.b4 Rfb8 19.Rb1
Rb6 20.Bf1 a6 21.Qa4 Qb7 22.a3 h6 23.Ra5 Kf7 24.Qd1 g6 25.Rc1
Kf6 26.h4 h5 27.Rc3 Ra7 28.Qc2 Qd7 29.Rac5 Qd6 30.Qa4 Qd7 31.Qa5
Qb7 32.Bc4 Ke7 33.Be2 Rb5 34.Qa4 Rxc5 35.Rxc5 Qb6 36.Ra5 Kd6
37.Rxa6 Rxa6 38.Qxa6 Qxa6 39.Bxa6 Bb3 40.Kf2 Kd5 41.Be2 Ba4 42.Ke1
Bb5 43.Bd1 Bd3 44.Ba4 Ba6 45.Kd2 Bd3 46.Kc3 Be2 47.Bb3+ Kd6 48.a4
Ba6 49.Bc4 Bb7 50.a5 Bc8 51.b5 cxb5 52.Bxb5 Bb7 53.Be8 Ba6 54.Bxg6
Be2 55.Kb4 Bd1 56.Be8 Kc7 57.Kc5 Be2 58.Bb5 Bd3 59.Bc4 1-0

[Event "Podzimni turnaj TJ Praga 2015 1A"]
[Site "Praha"]
[Date "2015.11.10"]
[Round "8.13"]
[White "Pokorny, Jan"]
[Black "Krumphanzl, Vlastimil"]
[Result "1-0"]
[WhiteElo "1865"]
[BlackElo "1797"]
[Annotator ""]
[Source ""]
[Remark ""]

1.Nf3 Nf6 2.b3 g6 3.Bb2 Bg7 4.e3 O-O 5.Be2 c6 6.O-O d6 7.d4 Nbd7
8.Nbd2 c5 9.a4 Nd5 10.Qc1 e5 11.Bc4 N5b6 12.a5 Nxc4 13.Nxc4 e4
14.Nfd2 d5 15.Nd6 Qf6 16.Nxc8 Raxc8 17.c4 cxd4 18.Bxd4 Qd6 19.Bxg7
Kxg7 20.Qb2+ f6 21.Qd4 Qc5 22.Qb2 Ne5 23.b4 Nd3 24.bxc5 Nxb2
25.cxd5 Rxc5 26.Nxe4 Rxd5 27.Rfb1 Nc4 28.Rxb7+ Rf7 29.Rxf7+ Kxf7
30.a6 Na3 31.h3 Nb5 32.Rc1 h6 33.Rc6 f5 34.Nc3 Nxc3 35.Rxc3 Ke6
36.Kh2 Rd6 37.Ra3 Rd2 38.Kg3 Rd6 39.Ra2 Rb6 40.Kf3 Ke5 41.Ra5+
Ke6 42.g4 fxg4+ 43.hxg4 Kf6 44.Kg3 Rb3 45.Ra2 Ke6 46.Ra1 Kf6
47.Kf4 Ke6 48.Rh1 Rb6 49.Rxh6 Kf6 50.g5+ Kg7 51.Kg4 Rxa6 52.Rh1
Re6 53.Rc1 Re7 54.Rc5 a6 55.Ra5 Re6 56.Kf3 Kf7 57.Ke2 Ke7 58.Kd3
Kd7 59.Kd4 Kc7 60.Re5 Rd6+ 61.Kc4 Kb6 62.f4 a5 63.e4 Rc6+ 64.Kb3
Rd6 65.f5 gxf5 66.exf5 Rd3+ 67.Kc4 Rg3 68.f6 a4 69.f7 Rf3 70.g6
a3 71.Re1 1-0

[Event "Podzimni turnaj TJ Praga 2015 1A"]
[Site "Praha"]
[Date "2015.11.27"]
[Round "9.1"]
[White "Pesr, Jaromir"]
[Black "Frouz, Petr"]
[Result "1-0"]
[WhiteElo "2004"]
[BlackElo "1845"]
[Annotator ""]
[Source ""]
[Remark ""]

1.c4 e6 2.Nc3 d5 3.e3 Nf6 4.Nf3 a6 5.a4 Bd6 6.d4 Nbd7 7.c5 Be7
8.b4 c6 9.Bb2 b6 10.a5 bxc5 11.bxc5 Qc7 12.Be2 Rb8 13.Qc2 e5
14.O-O O-O 15.Na4 exd4 16.exd4 Ne4 17.Nb6 Re8 18.Bd3 Ndf6 19.Ne5
Ng5 20.f3 Ne6 21.g3 Nf8 22.Rfe1 h6 23.Re2 N8d7 24.Rae1 Nxe5 25.Rxe5
Kf8 26.Qe2 Be6 27.Ba3 Nd7 28.Re3 Bg5 29.f4 Bf6 30.Bb2 Nxb6 31.axb6
Qc8 32.Bxa6 Bg4 33.Rxe8+ Qxe8 34.Qxe8+ Rxe8 35.Rxe8+ 1-0

[Event "Podzimni turnaj TJ Praga 2015 1A"]
[Site "Praha"]
[Date "2015.11.24"]
[Round "9.2"]
[White "Ptak, Pavel"]
[Black "Lavrincik, Pavel"]
[Result "1-0"]
[WhiteElo "2115"]
[BlackElo "1827"]
[Annotator ""]
[Source ""]
[Remark ""]

1.d4 d6 2.e4 Nf6 3.Nc3 g6 4.g3 Bg7 5.Bg2 O-O 6.Nge2 e5 7.h3 Nc6
8.Be3 Ne7 9.O-O Nh5 10.g4 Nf6 11.Ng3 exd4 12.Bxd4 Nc6 13.Be3
Be6 14.Nd5 Bxd5 15.exd5 Ne5 16.g5 Nfd7 17.b3 f5 18.f4 Nf7 19.Bd4
Nxg5 20.Bxg7 Kxg7 21.Qd4+ Kg8 22.fxg5 Qxg5 23.Qf4 Qf6 24.Kh2
Rae8 25.Rad1 Re7 26.Qd4 Ne5 27.Qf4 b6 28.Ne4 Qg7 29.Ng5 Rfe8
30.Ne6 Qf6 31.Rf2 Nf7 32.Qd4 Qe5+ 33.Qf4 Qxf4+ 34.Rxf4 Kh8 35.Rff1
Nd8 36.Nxd8 Rxd8 37.Rfe1 Rde8 38.Rxe7 Rxe7 39.Bf3 Kg7 40.Kg2
Kf6 41.h4 h6 42.Kf2 Re5 43.Rh1 Re7 44.Rh3 Re5 45.Bg2 Re7 46.b4
Ke5 47.Re3+ Kf6 48.Ra3 Ke5 49.Rxa7 Kf4 50.Ra3 Kg4 51.Rg3+ Kxh4
52.Rxg6 Kh5 53.Rg8 f4 54.Bf3+ Kh4 55.Rg1 1-0

[Event "Podzimni turnaj TJ Praga 2015 1A"]
[Site "Praha"]
[Date "2015.11.24"]
[Round "9.3"]
[White "Ryvova, Anna"]
[Black "Horak, Karel"]
[Result "1/2-1/2"]
[WhiteElo "1922"]
[BlackElo "1844"]
[Annotator ""]
[Source ""]
[Remark ""]

1.e4 c5 2.Nf3 d6 3.d4 cxd4 4.Nxd4 a6 5.Nc3 Nf6 6.Be3 e5 7.Nb3
Be6 8.f3 Be7 9.Qd2 O-O 10.O-O-O Nbd7 11.g4 b5 12.h4 Rc8 13.Kb1
Nb6 14.Bxb6 Qxb6 15.g5 Nh5 16.Bh3 Rc4 17.Nd5 Bxd5 18.exd5 Qc7
19.Bg4 Nf4 20.Rhe1 Rb8 21.Bf5 Bd8 22.Be4 a5 23.Nc1 Qb6 24.Ne2
Ng2 1/2-1/2

[Event "Podzimni turnaj TJ Praga 2015 1A"]
[Site "Praha"]
[Date "2015.11.24"]
[Round "9.4"]
[White "Stepanek, Svatopluk"]
[Black "Machala, Vladislav"]
[Result "0-1"]
[WhiteElo "1869"]
[BlackElo "2054"]
[Annotator ""]
[Source ""]
[Remark ""]

1.Nf3 Nf6 2.g3 d6 3.Bg2 e5 4.d3 Be7 5.c4 Nbd7 6.Nc3 c6 7.O-O
O-O 8.a4 a5 9.Be3 Qc7 10.Rc1 Re8 11.d4 exd4 12.Nxd4 Nc5 13.Bf4
Nh5 14.Bd2 Bf8 15.Nb3 Ne6 16.Nd5 {?} cxd5 17.cxd5 Nc5 $17 18.Nxa5
Qe7 19.e3 g6 20.b4 Ne4 21.Rc4 f5 22.Qc2 Nhf6 23.Rc7 Bd7 24.Rxb7
Rec8 25.Nc6 Qe8 $15 ( 25...Qf7 {%00þ } 26.Qd3 {%00þ } Rxa4
{%00þ } {-1.17|d13 Rybka3} ) 26.b5 Nxd2 27.Qxd2 Rxa4 28.Rb1
Ne4 29.Qc2 Nc5 30.Ra7 Rxa7 31.Nxa7 Rb8 32.Nc6 Rb6 33.Qc3 Qc8
34.Qa5 Qb7 35.Bf1 Ne4 36.Rc1 Nc5 37.Rc2 Be8 38.Ra2 Bf7 39.Qd2
Qc7 40.Bc4 Bg7 {?!} ( 40...Rb7 {%00þ } 41.Ra8 {%00þ } Nd7
{%00þ } 42.Ne7+ {%00þ } Kg7 {%00þ } 43.Qd4+ {%00þ }
Ne5 {%00þ } 44.Nc6 {%00þ } Kg8 {%00þ } 45.Qf4 {%00þ }
Nxc4 {%00þ } 46.Qxc4 {%00þ } Qb6 {%00þ } 47.Rc8 {%00þ }
Rc7 {%00þ } 48.Rd8 {%00þ } Qa7 {%00þ } {-0.53|d14 Rybka3} )
41.Ra8+ {=} Bf8 42.Qa5 Rb7 43.Qa1 Ne4 44.Qd4 Ng5 {?}
( 44...Nc5 {%00þ } 45.Qb2 {%00þ } h6 {%00þ } 46.Rxf8+
{%00þ } Kxf8 {%00þ } 47.Qh8+ {%00þ } Bg8 {%00þ }
48.Qf6+ {%00þ } Bf7 {%00þ } 49.Qh8+ {%00þ } Bg8 {%00þ }
50.Qf6+ {%00þ } Bf7 {%00þ } 51.Qh8+ {%00þ } Bg8 {%00þ }
52.Qf6+ {%00þ } Bf7 {%00þ } 53.Qh8+ {%00þ } Bg8 {%00þ }
54.Qf6+ {%00þ } Bf7 {%00þ } 55.Qh8+ {%00þ } Bg8 {%00þ }
56.Qf6+ {%00þ } Bf7 {%00þ } 57.Qh8+ {%00þ } Bg8 {%00þ }
58.Qf6+ {%00þ } Bf7 {%00þ } 59.Qh8+ {%00þ } Bg8 {%00þ } {+0.00|d12 Rybka3}
) 45.Qf4 {??} ( 45.Kg2 {%00þ } h5 {%00þ } 46.Nd8 {%00þ }
Kh7 {%00þ } 47.b6 {%00þ } Rxb6 {%00þ } 48.Nxf7 {%00þ }
Nxf7 {%00þ } 49.Rxf8 {%00þ } Ne5 {%00þ } 50.Be2 {%00þ }
Rb1 {%00þ } 51.Qh4 {%00þ } Rb8 {%00þ } 52.Rxb8 {%00þ }
Qxb8 {%00þ } 53.Qe7+ {%00þ } Kh6 {%00þ } 54.Qf6 {%00þ }
Kh7 {%00þ } 55.h3 {%00þ } {+1.18|d15 Rybka3} ) Nh3+ 0-1

[Event "Podzimni turnaj TJ Praga 2015 1A"]
[Site "Praha"]
[Date "2015.11.26"]
[Round "9.5"]
[White "Radics, Robert"]
[Black "Brcak, Marek"]
[Result "1-0"]
[WhiteElo "1752"]
[BlackElo "1879"]
[Annotator ""]
[Source ""]
[Remark ""]

1.d4 d5 2.Nf3 Nf6 3.c4 e6 4.Bg5 Nbd7 5.e3 Be7 6.Bd3 dxc4 7.Bxc4
Nd5 8.Bxe7 Qxe7 9.O-O O-O 10.e4 N5b6 11.Bd3 e5 12.Qc2 c6 13.Nc3
Rd8 14.dxe5 Nxe5 15.Nxe5 Qxe5 16.f4 Qd4+ 17.Kh1 Bg4 18.Be2 Bxe2
19.Qxe2 Qd2 20.Rf2 Qxe2 21.Rxe2 Rd4 22.Rd1 Rad8 23.Rxd4 Rxd4
24.g3 Kf8 25.Kg2 Rd3 26.e5 Nc4 27.Ne4 h5 28.Nc5 Rd5 29.Nxb7 Rb5
30.Nd8 Rb6 31.e6 fxe6 32.Nxe6+ Kf7 33.b3 Na3 34.Ng5+ Kf8 35.Ne6+
Kg8 36.Re5 g6 37.Nd4 c5 38.Rxc5 Rd6 39.Nf3 Nb1 40.Rc8+ Kg7 41.Rc7+
Kf6 42.Ng5 1-0

[Event "Podzimni turnaj TJ Praga 2015 1A"]
[Site "Praha"]
[Date "2015.11.24"]
[Round "9.7"]
[White "Holub, Jan"]
[Black "Vitek, Jan"]
[Result "1-0"]
[WhiteElo "2124"]
[BlackElo "1761"]
[Annotator ""]
[Source ""]
[Remark ""]

1.e4 e5 2.Nf3 Nc6 3.Bb5 a6 4.Ba4 Nf6 5.d3 b5 6.Bb3 d6 7.c3 Na5
8.Bc2 c5 9.O-O Be7 10.Nbd2 O-O 11.Re1 Qc7 12.Nf1 Re8 13.Ng3 g6
14.Bg5 Bg4 15.h3 Be6 16.Nh2 h5 17.f4 exf4 18.Bxf4 Qd7 19.Nf3
Nh7 20.Qd2 f6 21.Bh6 Nc6 22.d4 cxd4 23.cxd4 d5 24.exd5 Bxd5 25.Bxg6
Red8 26.Qd3 Ng5 27.Nxg5 fxg5 28.Bxh5 Bf7 29.Bxf7+ 1-0

[Event "Podzimni turnaj TJ Praga 2015 1A"]
[Site "Praha"]
[Date "2015.11.24"]
[Round "9.8"]
[White "Pribyl, Jaroslav"]
[Black "Kolar, Dan"]
[Result "1/2-1/2"]
[WhiteElo "1975"]
[BlackElo "1866"]
[Annotator ""]
[Source ""]
[Remark ""]

1.e4 c5 2.b3 d5 3.exd5 Qxd5 4.Nc3 Qd8 5.Bb2 Nf6 6.Nf3 e6 7.Bd3
Be7 8.O-O O-O 9.Ng5 h6 10.Nge4 Nd5 11.a3 Nd7 12.Nb5 N7f6 13.Be5
Nxe4 14.Bxe4 Bf6 15.Bxf6 Nxf6 16.Bf3 Qb6 17.Qe2 Bd7 18.Nc3 Bc6
19.Rfe1 Rad8 20.d3 Qc7 21.a4 a5 22.Nb5 Bxb5 23.axb5 b6 24.Qe5
Qxe5 25.Rxe5 Rd4 26.Kf1 Rfd8 27.Bc6 Nd5 28.Bxd5 R8xd5 29.Rxd5
exd5 30.Ra4 Rxa4 31.bxa4 d4 32.Ke2 f5 33.Kd2 Kf7 34.c3 dxc3+
35.Kxc3 Ke6 36.Kc4 g5 37.d4 cxd4 38.Kxd4 Kd6 39.h3 f4 40.g3 fxg3
41.fxg3 h5 42.g4 h4 43.Ke4 Kc5 44.Kf5 Kb4 45.Kxg5 Kxa4 46.Kxh4
Kxb5 47.g5 a4 48.g6 a3 49.g7 a2 50.g8Q a1Q 51.Qd5+ Kb4 52.Qe4+
Kc5 53.Qe7+ 1/2-1/2

[Event "Podzimni turnaj TJ Praga 2015 1A"]
[Site "Praha"]
[Date "2015.11.24"]
[Round "9.10"]
[White "Toupal, Josef"]
[Black "Davidek, Bohuslav"]
[Result "0-1"]
[WhiteElo "1817"]
[BlackElo "1771"]
[Annotator ""]
[Source ""]
[Remark ""]

1.e4 e5 2.Nc3 Bc5 3.Bc4 Nf6 4.Nf3 d6 5.O-O Nc6 6.h3 Ne7 7.a3
Ng6 8.d3 c6 9.b4 Bb6 10.Na4 Bc7 11.Ba2 O-O 12.c4 b5 13.cxb5 cxb5
14.Nc3 Bd7 15.Nd5 Nxd5 16.Bxd5 Rb8 17.Qb3 h6 18.Be3 Bb6 19.Qa2
Qf6 20.Rac1 Bxh3 21.Nh2 Bd7 22.Bxb6 Rxb6 23.Rc7 Bc8 24.Rfc1 Rb8
25.Rxa7 Nf4 26.Rcc7 Be6 27.Bxe6 Nxe6 28.g3 Nxc7 29.Rxc7 Rfc8
30.Rc2 Qe6 31.Qb2 Rxc2 32.Qxc2 Rc8 33.Qb2 d5 34.Nf3 d4 35.Kg2
f6 36.Nh4 Kh7 37.Qe2 Rc3 38.Qh5 Rxa3 39.Qg6+ Kh8 40.Nf5 Ra7 41.Nh4
Qf7 42.Qf5 Rc7 43.Qg4 Kh7 44.Nf5 g6 45.Nh4 h5 46.Qf3 Qe6 47.Qd1
Rc3 48.Qa1 Qd7 49.Qb1 Kg7 50.Qd1 Qc8 51.Qb1 Ra3 52.Kf1 Qc3 53.Kg2
Ra1 0-1

[Event "Podzimni turnaj TJ Praga 2015 1A"]
[Site "Praha"]
[Date "2015.11.24"]
[Round "9.11"]
[White "Zimak, Karel"]
[Black "Pokorny, Jan"]
[Result "1-0"]
[WhiteElo "1831"]
[BlackElo "1865"]
[Annotator ""]
[Source ""]
[Remark ""]

1.d4 Nf6 2.Nf3 e6 3.c4 c5 4.d5 exd5 5.cxd5 d6 6.Nc3 Be7 7.g3
a6 8.a4 Bf5 9.Bg2 Qc8 10.O-O h6 11.Re1 Bh3 12.e4 Bxg2 13.Kxg2
O-O 14.Nh4 Qg4 15.f3 Qh5 16.Qb3 Rd8 17.Ne2 g5 18.Nf5 Bf8 19.Qxb7
Nbd7 20.Qb3 Rdb8 21.Qc2 Ne5 22.Ra3 c4 23.Rf1 Rb3 24.Rxb3 cxb3
25.Qxb3 Nfd7 26.Qb7 Rb8 27.Qxa6 Rb3 28.Ned4 Nc5 29.Qc8 Ncd7 30.Nxb3
g4 31.fxg4 Nxg4 32.h3 Nge5 33.Nxd6 Qe2+ 34.Rf2 Qd1 35.Bxh6 Nd3
36.Qxd7 Kh7 1-0

[Event "Podzimni turnaj TJ Praga 2015 1A"]
[Site "Praha"]
[Date "2015.11.24"]
[Round "9.12"]
[White "Ulicny, Daniel"]
[Black "Sramek, Jiri"]
[Result "1/2-1/2"]
[WhiteElo "1772"]
[BlackElo "1980"]
[Annotator ""]
[Source ""]
[Remark ""]

1.d4 d5 2.Nf3 Nf6 3.Bf4 Bf5 4.e3 e6 5.Nbd2 Bd6 6.Bxd6 Qxd6 7.Be2
Nc6 8.a3 O-O 9.c4 a6 10.O-O Rfe8 11.b4 dxc4 12.Nxc4 Qd5 13.Nce5
Rad8 14.Rc1 Nxe5 15.Nxe5 Qd6 16.Bf3 c6 17.Qe2 Ne4 18.g4 Ng5 19.gxf5
exf5 20.Bg2 Qh6 21.Qc4 Re6 22.Qc2 Qh5 23.f4 Rh6 24.fxg5 Qxh2+
25.Kf2 Rh3 26.Rg1 f4 27.Kf1 Rxe3 28.Ng4 Qg3 29.Nxe3 fxe3 30.Rd1
Qf4+ 31.Ke1 Qg3+ 32.Kf1 Qf4+ 1/2-1/2

[Event "Podzimni turnaj TJ Praga 2015 1A"]
[Site "Praha"]
[Date "2015.12.01"]
[Round "10.1"]
[White "Lavrincik, Pavel"]
[Black "Pesr, Jaromir"]
[Result "0-1"]
[WhiteElo "1827"]
[BlackElo "2004"]
[Annotator ""]
[Source ""]
[Remark ""]

1.c4 e5 2.Nc3 Nc6 3.e4 d6 4.g3 Bg4 5.Bg2 g6 6.Nge2 Nge7 7.O-O
Be6 8.d3 Qd7 9.Nd5 h6 10.Nec3 Nd4 11.Be3 c6 12.Nxe7 Qxe7 13.Qd2
h5 14.b4 h4 15.b5 c5 16.f4 hxg3 17.hxg3 exf4 18.Bxf4 Rh5 19.Rae1
O-O-O 20.e5 dxe5 21.Nd5 Bxd5 22.Bxd5 Qd6 23.Qa5 Qb6 24.Qd2 Ne6
25.Be3 f5 26.Qf2 Ng5 27.Bxg5 Rxg5 28.d4 cxd4 29.c5 Qa5 30.c6
Rxd5 31.cxb7+ Kxb7 32.Qe2 Rxb5 33.Rc1 Rxg3+ 34.Kh2 Re3 0-1

[Event "Podzimni turnaj TJ Praga 2015 1A"]
[Site "Praha"]
[Date "2015.12.01"]
[Round "10.2"]
[White "Radics, Robert"]
[Black "Ptak, Pavel"]
[Result "0-1"]
[WhiteElo "1752"]
[BlackElo "2115"]
[Annotator ""]
[Source ""]
[Remark ""]

1.c4 f5 2.Nc3 Nf6 3.e3 d6 4.d4 g6 5.g3 Bg7 6.Bg2 O-O 7.Nge2 c6
8.O-O e5 9.dxe5 dxe5 10.Qb3 Qe7 11.e4 Na6 12.exf5 gxf5 13.Bg5
Qf7 14.Rac1 Be6 15.Nd1 Rac8 16.Ne3 h6 17.Bxf6 Bxf6 18.a3 Kh8
19.Qc2 Bg7 20.f4 e4 21.b4 h5 22.Rfd1 Rfd8 23.Rd2 Rxd2 24.Qxd2
Bf6 25.Qc2 Rd8 26.Kh1 Rd3 27.Nd1 Bxc4 28.Nf2 Bb3 29.Qb1 Rd2 0-1